Film che hanno ricevuto più candidature agli Oscar - Statistics

Statistiche generali
  • Questo quiz è stato fatto 25 volte
    13 dall'ultimo reset
  • Il punteggio medio è 4 su 15
Statistiche sulle risposte
Candidature Anno di uscita del film FIlm % Corretto
14 1997 Titanic
100%
13 1939 Via col vento
64%
13 1994 Forrest Gump
55%
14 2016 La La Land
45%
13 2023 Oppenheimer
45%
13 2001 Il Signore degli Anelli - La Compagnia dell'Anello
27%
13 1998 Shakespeare in Love
18%
13 2002 Chicago
9%
13 2024 Emilia Pérez
9%
13 2008 Il curioso caso di Benjamin Button
9%
13 2017 La forma dell'acqua - The Shape of Water
9%
13 1966 Chi ha paura di Virginia Woolf?
0%
13 1953 Da qui all'eternità
0%
14 1950 Eva contro Eva
0%
13 1964 Mary Poppins
0%
Nessun quiz corrispondente trovato
Distribuzione punteggi
Percentuale di utenti per punteggio
Percentile per numero di risposta
I tuoi punteggi nel tempo
Non hai fatto questo quiz dall'ultimo reset